000 00751nam a2200193Ia 4500
999 _c31229
_d31229
003 GCL
005 20240530102308.0
008 140319s9999 xx 000 0 ara d
040 _aGCL /
_cGCL
082 0 4 _a224.2
_bخ ك
100 1 _aابن خالوية : ابوعبدالله الحسين بن احمد بن خالوية بن حمدانى الهمذانى
245 1 0 _aكتاب اعراب ثلاثين سورة من القران الكريم /
_cابن خالوية : ابوعبدالله الحسين بن احمد بن خالوية بن حمدانى الهمذانى
260 _a[S.N] :
_bمكتبة المتنبى
300 _a265 ص
650 0 4 _aالاسلام
650 0 4 _aاعراب
650 0 4 _aالقران
942 _2ddc
_cBK